| 000 | nam a22 7a 4500 | ||
|---|---|---|---|
| 999 |
_c331106 _d331106 |
||
| 003 | NUST | ||
| 005 | 20170913103338.0 | ||
| 008 | 170913b xxu||||| |||| 00| 0 eng d | ||
| 020 | _a9789699385001 | ||
| 040 | _cNUST | ||
| 082 |
_a954.9122 _bBRO |
||
| 100 |
_aBrown, William Alexander _94558 |
||
| 245 |
_aBaghawat e Gilgit / _cby William Alexander Brown, translated: Zafar Hayat Pal |
||
| 260 |
_aLahore: _bMaktaba Jamal, _c2009 |
||
| 300 |
_a326 p. ; _bill. |
||
| 546 | _aIn urdu | ||
| 650 |
_aGilgit- North frontier- Pakistan _94559 |
||
| 880 |
_6100-01\(3\r _aولیم الیگزنڈر براؤن |
||
| 880 |
_6245-02\(3\r _aبغاوت گلگت _cمیجر ولیم الیگزنڈر براؤن، مترجم: ظفر حیات پال |
||
| 880 |
_6260-03\(3\r _aلاہور: _bمکتبہ جمال، _c2009 |
||
| 942 |
_2ddc _cBK |
||